[Event "Reykjavik"]
[Site "Reykjavik ISL"]
[Date "1972.??.??"]
[Round "1"]
[White "Olafsson, Fridrik"]
[Black "Andersson, Ulf"]
[Result "0-1"]
[WhiteElo "2570"]
[BlackElo "2535"]
[EventDate "1972.??.??"]
[PlyCount "152"]

1. d4 Nf6 2. c4 e6 3. Nc3 Bb4 4. e3 c5 5. Bd3 Nc6 6. Nf3 Bxc3+ 7. bxc3 d6 
8. Nd2 e5 9. O-O O-O 10. Nb3 e4 11. Bc2 Qe7 12. f3 Re8 13. Kh1 h6 14. Nd2 
exf3 15. gxf3 cxd4 16. cxd4 Qxe3 17. Ne4 Qxd4 18. Qxd4 Nxd4 19. Nxf6+ gxf6
20. Rg1+ Kf8 21. Bxh6+ Ke7 22. Be4 Be6 23. Rab1 Rab8 24. Bxb7 Bxc4 25. Be3
Nb5 26. Ba6 Na3 27. Rxb8 Rxb8 28. Bxa7 Ra8 29. Bxc4 Nxc4 30. Bd4 D {Po 
uspesnem zvladnuti Huebnerovy varianty Nimzo-Indian (Hueber uvedl ji pouze
2 roky predtim v Mezipasmovem turnaji a Palma de Mallorca) - cerny mohl 
dosahnout tuto slibou koncovku. Mozna nema materialni vyhodu ale jeho 
figury jsou aktivnejsi.} 30. ... Ke6! ( 30. ... Rxa2 31. Re1+ Kd7 32. Bxf6
Rf2 33. Re7+ Kc6 34. Rxf7 Ne3 35. Rg7 Rxf3 36. Bd4 {dava bilemu dobre 
sance na remizu.} ) 31. Rg2 ( 31. Re1+ Kf5 32. Re7 Rxa2 33. Rxf7 Ne5 34. 
Bxe5 dxe5 35. h4 Rf2 -/+ ) 31. ... Kf5 32. Re2 Ne5 33. Kg2 d5 34. Bf2?! ( 
34. h4 Ra4 35. Rd2 {a je tezke pro cerneho udelat nejaky pokrok.} ) 
34. ... Rg8+ 35. Bg3 d4 =+ {Spatne umisteni strelce dava vetsi hodnotu 
cernemu volnemu pesci.} 36. Rd2 Rd8 37. Kf2 Nc4 38. Rd3 Nb2 39. Rd2 d3 {
Tah 39...d3 stavi bileho do tezke situace. Ma jedinou cestu k remize... 
Jaka to je?} 40. a4? {Obeti kvality po silnem tahu} ( 40. Bc7 {by bily 
mohl remizovat.} 40. ... Rd7 41. Rxb2 d2 42. Rb1 d1=Q 43. Rxd1 Rxd1 44. a4
= ) 40. ... Nc4 41. Rd1 d2 42. Ke2 Re8+ 43. Kf2 Ra8 44. Ke2 Rxa4 45. Bf2 (
45. Rxd2 Nxd2 46. Kxd2 Kg5 47. Ke2 f5 48. Be5 f4 49. Kf2 f6 50. Bd6 Ra2+ 
51. Kg1 Rd2 52. Bc7 Rd4 53. Kg2 Kh4 54. Bb6 Rd2+ 55. Bf2+ Kg5 -+ {Cerny 
vyhraje pochodem krale na e2.} ) 45. ... Ra8 46. Bg3 Re8+ 47. Kf2 Re7 -+ {
Cerny dosahl vyhrane pozice, jelikoz bily je odsouzen do uplne pasivity.} 
48. h4 Rd7 49. Ke2 Rd8 50. Bc7 Rd4 51. Bg3 Kg6 52. Bf2 Rd5 53. Bg3 Rd4 54.
 Bf2 Rd8 55. Bg3 Kh5 56. Bf4 f5 57. Bg5 ( 57. Bxd2 Rxd2+ 58. Rxd2 Nxd2 59.
 Kxd2 Kxh4 60. Ke3 Kg3 -+ ) 57. ... Rd6 58. Bf4 Rd4 59. Bg5 f4 60. Be7 ( 
60. Bf6 Rd5 -+ ) 60. ... Rd5 61. Bf6 Kg6 62. Bc3 Rd6 63. Bb4 Re6+ 64. Kf2 
Kh5 65. Bc3 Rd6 66. Bb4 Rd5 67. Bc3 Rd7 ( 67. ... Ne3 68. Rxd2 Nd1+ 69. 
Rxd1 Rxd1 70. Be5 Rd2+ -+ ) 68. Bb4 Kxh4 69. Rh1+ Kg5 70. Ke2 Rb7 71. Bc3 
Rb3 72. Rg1+ ( 72. Kd3 D d1=Q+ 73. Rxd1 Nb2+ 74. Kc2 Nxd1 75. Kxb3 Nxc3 
76. Kxc3 Kh4 -+ ) ( 72. Bxd2 Rb2 73. Rg1+ Kf5 74. Rd1 f6! 75. Ke1 Nxd2 76.
 Rxd2 Rxd2 77. Kxd2 Kg5 -+ ) 72. ... Kf5 73. Bd4 Ke6 74. Rd1 Kd5 75. Bf2 
Rc3 76. Bg1 Ke5 ( 76. ... Ke5 77. Bf2 Kf5 78. Ba7 Rc1 79. Bb8 Kg5 80. Ba7 
Kh4 81. Bf2+ Kh3 82. Ba7 Kg2 83. Bd4 Rxd1 84. Kxd1 Kxf3 -+ ) 0-1

[Event "Hastings 7980"]
[Site "Hastings ENG"]
[Date "1979.??.??"]
[Round "8"]
[White "Andersson, Ulf"]
[Black "Biyiasas, Peter"]
[Result "1-0"]
[WhiteElo "2560"]
[BlackElo "2485"]
[EventDate "1979.12.??"]

1. Nf3 Nf6 2. c4 g6 3. Nc3 Bg7 4. e4 d6 5. d4 O-O 6. Be2 e5 7. dxe5 dxe5 
8. Qxd8 Rxd8 9. Bg5 Re8 10. Nd5 Nxd5 11. cxd5 c6 12. Bc4 cxd5 13. Bxd5 Na6
14. Ke2 Nc7 15. Bb3 Be6 16. Rhd1 Bxb3 17. axb3 Ne6 18. Be3 D {Tato 
koncovka vznikla z klidne variante kral. indicke vymenne varianty. Dalsi 
tah cerneho je instruktivni chyba. Po vymene cerneho jezdce, zustane s 
trvalou slabinou na d4 a navic bily ma velmi aktivniho krale Bily kral je 
take mobilnejsi nez cerny strelec. Zdvojeni pescu na b-sloupci nevytvari 
slabinu, ale spise nabizi vyhodu bilemu, ze muze dominovat na sloupci a. }
18. ... Nd4+?! ( 18. ... a6 19. Rd7 b5 20. Rd6 a5 21. Rd5 += ) 19. Bxd4 
exd4 20. Kd3 += D Re6 21. Nd2 Bh6 ( 21. ... f5 22. exf5 gxf5 23. Re1 += ) 
22. Nc4 a6 23. Re1 {Bily chce postoupit pescem na e5, aby uzavrel 
diagonalu a8-d4 a ziskal pesce d4. } 23. ... Bf8?! {Lepsi tah je} ( 
23. ... Rae8 24. f3 += ( 24. e5 Bf4 =+ ) ) 24. e5 Bc5 25. f4 {Nyni cerny 
se musi hledat protihru tak rychle jak muze, jelikoz bily zamysli 
organizovat pescovy utok g2-g4 a f4-f5} 25. ... Rc8 26. Re2 f6 27. Rc1 
fxe5 ( 27. ... Be7 28. Rd1 b5 29. Nd2 += ) 28. Rxe5 Rec6 ( 28. ... Rxe5 
29. Nxe5 Rc7 30. b4 Bd6 31. Rxc7 Bxc7 32. Kxd4 +- ) 29. Nd2 Bf8 {Je velmi 
obtizne pro cerneho se branit a bily bude vzdy schopen udrzet pozicni 
vyhodu.} ( 29. ... Bb4 30. Rxc6 bxc6 31. Ne4 c5 32. Rd5 Rc7 33. g3 Kf7 34.
 Kc4 += ) 30. Rxc6 Rxc6 ( 30. ... bxc6 31. Ra5 Ra8 32. Ne4 +/- ) 31. Rd5 
Bg7 ( 31. ... Rd6 32. Rxd6 Bxd6 33. g3 +/- ) 32. Rd8+ Bf8 D {Nyni je sance
vzti pesce d, nebo je neco lepsiho? } 33. Nc4! {Namisto slupnuti pesce 
ihned, bily nejdrive zesiluje pozici Nc4 a hrozi Ne5 - d7. Pesec d nemuze 
uteci pryc. Po } ( 33. Kxd4 Rb6 ) ( 33. Rxd4 b5 34. Ne4 Rc1 {Cerny ma ve 
srovnani s pokracovanim v partii - protihru. V obou pripadech bily je 
zbaven prilezitosti dosanout pres c4 silne pole e5 pro sveho jezdce. } ) 
33. ... Rc7 34. Ne5 Kg7 35. Rxd4 {Nyni jsou cerne figury velmi omezeny v 
tom co mohou dosahnout a navic k pesci navic ma bily lepsi postaveni 
krale. } 35. ... Bc5 36. Rc4 a5 ( 36. ... b5 37. Rc3 a5 38. Ke4 +/- ) 37. 
Ke4 b6 38. g4 Kf6 39. h4 Ke6 40. Rc3! {Bily pripravuje prevedeni veze na 
sloupec h aby prolomil tahem h5 a potom g5. Tak lepe nebo hure, cerny nema
nic lepsiho nabidnout nez prechod do velmi kriticke koncovky lehkych 
figur. } 40. ... Bd6 ( 40. ... Rc8 41. h5! ( 41. Rh3 Rd8 ) 41. ... gxh5 
42. g5! +- ) 41. Rxc7 Bxc7 {Koncovka lehkych figur nemuze udrzet, jelikoz 
bily ma velkou prostorovou prevahu a navic muze vytvorit volneho pesce. 
Dvojpesci nejsou slabina jelikoz nemohou byt napadeni. } 42. h5 gxh5 43. 
gxh5 b5 44. Nf3 Kf6 D {Nyni najdete vynucujici manevr v koncovce. } 45. 
Ng5! {Toto nuti cerneho udelat oslabujici tah ... h6. Po tom bily muze 
preskocit s jezdcem pres f3 - d4 na f5, s vyhrou. } 45. ... h6 46. Nf3 a4 
47. Nd4 axb3 48. Nxb3 +- Bb6 ( 48. ... Bd6 49. Nd4 b4 50. Nf5 Bf8 51. b3 
Ke6 52. Ne3 Bg7 53. f5+ Kf7 54. Nd5 Bf8 55. Ke5 Bc5 56. f6 Bf8 57. Nf4 Bc5
58. Ng6 Bb6 59. Kf5 Bc5 60. Ne5+ +- ) 49. Nd4 Bxd4 50. Kxd4 Kf5 51. Ke3 
1-0

[Event "Rome"]
[Site "Rome ITA"]
[Date "1985.??.??"]
[Round "2"]
[White "Vera Gonzalez-Quevedo, Reynaldo"]
[Black "Andersson, Ulf"]
[Result "0-1"]
[WhiteElo "2480"]
[BlackElo "2575"]
[EventDate "1985.02.??"]

1. e4 c5 2. c3 e6 3. d4 d5 4. exd5 exd5 5. Be3 cxd4 6. Bxd4 Nc6 7. Nf3 a6 
8. Be2 Nxd4 9. Nxd4 Nf6 10. Nd2 Bc5 11. Nf1 O-O 12. Ne3 Re8 13. O-O Qb6 
14. Rb1 Bd7 15. Bf3 Bc6 16. b4 Bxd4 17. Qxd4 Qxd4 18. cxd4 g6 19. g3 Kf8 
20. Rfc1 Ke7 21. a4 Kd6 22. Ra1 Rac8 23. a5 Ne4 24. Rc2 Bd7 25. Bxe4 Rxe4 
26. Rxc8 Bxc8 27. Rd1 Bd7 28. Rd2 D {Cerny ma mirnou vyhodu zde pro lepsi 
pozici krale a taky lepe postavenou vez. Dyalsim tahme cerny prebira 
iniciativu a hrozi ...f5..f4 zahnat jezdce nebo rozbit pescovou formaci. }
28. ... f5! 29. Kg2 ( 29. Ng2 g5 30. f3 Re8 31. Rc2 b6! 32. axb6 Rb8 33. 
Ra2 Rxb6 34. f4 gxf4 35. Nxf4 Bb5 =+ ) 29. ... f4 30. Nd1 fxg3 31. hxg3 
Re1 32. f3 D {Jak muze cerny udelat jasne zlepseni sve mirne lepsi pozice?
} 32. ... Ba4! {Kdysi spatny belopolny strelec, nyni se stava tvurcem 
vyhry silnym manevrem Ba4-b3-c4. Je dobre poznemenat v rozporu s pravidlem
Capablancy, v teto partii cerny umistil pesce spatne. Ale v sachu taky 
jsou vyjimky z pravidel! Nikoli 32...Bb5?! 33.Kf2 s obranyschopnou pozici 
pro bileho. Na rozdilm od 32....Bb5 tah 32....Ba4 ziskava dulezite tempo 
utokem na jezdce. } 33. Nc3 Bb3 34. Rb2? D {Zde bily by udelal lepe nechat
vez na sloupci d a kladl by houzevnatejsi odpor tahem 34.Kf2: } ( 34. Kf2 
Rc1 35. Ne2 Rc4 36. Ke3 Bc2 ( 36. ... Rxb4? 37. Rb2 Rb5 38. Nc3 {cerny 
skoci ve vazbe} ) 37. Nf4 g5 38. Nh3 h6 =+ ) 34. ... Bc4 35. Rb1 ( 35. Kf2
Rc1 36. Ne2 Rd1 37. Ke3 Kc6 -/+ ) 35. ... Re3 {Vez a strelec spolupracuji 
dobre spolu. Pesec d4 je rozhodujici slabiy} 36. Rc1 ( 36. Na4 Rd3 37. Nc5
Rd2+ 38. Kh3 Kc6 39. Ne6 Bd3 40. Re1 Kb5 -/+ ) 36. ... Rd3 37. Na4 ( 37. 
g4 Rxd4 38. Rh1 Rd2+ 39. Kg3 Rb2 40. Rxh7 Rxb4 41. Rg7 Bd3 -/+ ) 37. ... 
Rxd4 38. Nc5 Rd2+ 39. Kh3 Kc6 40. Re1 Re2 ( 40. ... Re2 41. Rxe2 ( 41. Rb1
d4 42. Kg4 d3 43. Kf4 d2 44. Rd1 Kb5 45. Ne4 Kxb4 46. Nxd2 Be6 -+ ) 
41. ... Bxe2 42. Kg4 Kb5 43. Nxb7 Kxb4 44. Kf4 d4 45. Ke4 Kc4 -+ D ) 0-1

[Event "Biel Interzonal"]
[Site "Biel SUI"]
[Date "1976.07.31"]
[Round "koncovky lehkych figur"]
[White "Andersson, Ulf"]
[Black "Gulko, Boris F"]
[Result "1-0"]
[WhiteElo "2585"]
[BlackElo "2530"]
[EventDate "1976.07.??"]

1. c4 e5 2. Nc3 Nc6 3. g3 g6 4. Bg2 Bg7 5. d3 d6 6. Rb1 a5 7. a3 Nf6 8. 
Nf3 O-O 9. O-O h6 10. b4 axb4 11. axb4 Be6 12. b5 Ne7 13. Bb2 Nd7 14. Nd2 
c6 15. Ra1 Qc7 16. Qc2 Nf5 17. Rfc1 Nf6 18. Qd1 Qd7 19. Rxa8 Rxa8 20. Ra1 
Qc8 D {Tato zajimava struktura stredni hry vznikla z Anglicke, ve ktere 
Andersso najde zpusob k vyutiti vyhody diagonalniho tlaku na pesce c6 a b7
} 21. Rxa8 Qxa8 {Nejsilnejsi tah je zde evidetni ze?} 22. Qa4! {Vymena dam
neuprosne exponuje slabiny v cerne pozici. Je zajimave jak rychle cerna 
pozice se zhrouti. } 22. ... Qxa4 ( 22. ... Qb8 23. Ba3 c5 24. b6 {a 
Qa7+/-} ) 23. Nxa4 {Nyni mame koncovku lehkych figur ktera je velmi 
neprijemna pro cerneho, jelikoz pesci damskeho kridla c6 a b7 se tezko 
brai. Dale bude tezke neco delat proti pozici pace c5. } 23. ... Bd7 ( 
23. ... cxb5 24. cxb5 Bd7 25. Nc3 Nd4 26. b6 Bc6 27. Nc4 Nd7 28. Ba3 Bf8 
29. Bxd6 Bxd6 30. Nxd6 Nxb6 31. Nxb7 +/- ) ( 23. ... Ne7 24. bxc6 bxc6 25.
 c5 Ne8 26. cxd6 Nxd6 27. Ba3 +/- ) 24. Nb6 Be8 25. bxc6 Bxc6 {Nasledujici
manevr neni tezke najit. Bila struktura pescu je jasne lepsi. } ( 25. ... 
bxc6 26. c5! +/- ) 26. Nb3 {Idea je Na5+-. Tato hrozba zavazuje cerneho do
nasilnych opatreni v centru. Ale toto take neslibuje zachranu.} 26. ... e4
( 26. ... Ne7 27. Na5 e4 28. dxe4 Ne8 29. Bxg7 Nxg7 30. e5 dxe5 31. Nxb7 
+/- ) 27. Bxf6 {Bily vybira nejjednodussi a nejjasnejsi cestu k uspechu. }
27. ... Bxf6 28. Bxe4 Nd4 ( 28. ... Ne7 29. Bg2 Kf8 30. d4 +- ) 29. Bxc6 {
Cerny muze nyni vzit strelce... } 29. ... bxc6 ( 29. ... Nxc6 30. Nc8 Be7 
31. Na5 Nxa5 32. Nxe7+ Kf8 33. Nd5 +- ) 30. Nxd4 Bxd4 31. Nc8! {To je 
pointa vymen bileho. Andersson ziskava druheho pesce vyucene, a rozhoduje 
partii.} 31. ... Bc5 32. Ne7+ 1-0

[Event "Sao Paulo"]
[Site "Sao Paulo BRA"]
[Date "1979.??.??"]
[Round "?"]
[White "Andersson, Ulf"]
[Black "Byrne, Robert E"]
[Result "1-0"]
[WhiteElo "2560"]
[BlackElo "2535"]
[EventDate "1979.02.??"]

1. Nf3 Nf6 2. c4 g6 3. Nc3 Bg7 4. e4 d6 5. d4 O-O 6. Be2 e5 7. dxe5 dxe5 
8. Qxd8 Rxd8 9. Bg5 Re8 10. Nd5 Nxd5 11. cxd5 c6 12. Bc4 cxd5 13. Bxd5 Nd7
14. Nd2 Nb6 15. Bb3 Be6 16. Ke2 Bf8 17. Rhc1 Bd6 18. Bxe6 Rxe6 19. Be3 Kf8
20. Rc3 Rc8 21. Rac1 Rxc3 22. Rxc3 Ke8 D {Tato pozice vznikla po variante 
kral. indicke vymene. Bily ma jistou malou vyhodu. Dominuje na sloupci c, 
ma mirne lepsiho strelce a vyviji tlak na damske kridlo. Bileho dalsi tah 
brani moznemu 23...f5 a pripravuje g4-g5.} 23. g4 f6 24. Rb3 Bc7 25. a4! {
Tento tah je typicky jak vyvinout tlak na damske kridlo. Bily utoci na Nb6
a zvetsuje prostorovou vyhodu. } 25. ... Re7 26. a5 Nc8 27. Nc4! {Ovsem 
bily nebere na b7 pro ...Bxa5 s rovnou pozici. Jezdec na c4 udrzuje napeti
a bily vyviji tlak na damske kridlo.} 27. ... Bd8 D {Jake preskupeni 
zesiluje pozici bileho a navic vytvari hrozbu? } 28. Rb5! {Bily nyni 
planuje paku g4-g5 a dale centralizujici tah Rd5 je velmi silny. Bily 
pokracuje ve zlepsovani pozice systematicky. } 28. ... Rc7 29. b3 a6 30. 
Rd5 Rd7 31. g5 Rxd5 32. exd5 {Vyhodna koncovka lehkych figury vznikla. 
Dalsim tahem cerny hraje bilemu do rukou. } 32. ... fxg5? {Cerny absolutne
musel zavrit pozici s } ( 32. ... f5 33. Kd3 ( 33. Nxe5 Bxa5 34. Kd3 += ) 
33. ... Ne7 34. Nxe5 Bxa5 35. Bd2 {s vyhodou pro prostorovou prevahu. Tah 
...f6-f5 zbavuje bileho krale centralniho pole e4.} ) 33. Kd3! {Bily nyni 
centralizuje krale bez zabran. } 33. ... g4 34. Ke4 Be7 35. Nxe5 Bb4 36. 
Nxg4 Bxa5 37. Ke5! D {Bily zvetsuje vyhodu v prostoru. Na druhe strane 
37.Nf6+ by jenom slouzilo k aktivaci krale soupere. } 37. ... Ke7 ( 
37. ... h5 {Nedela veci vubec jednodussi pro cerneho: } 38. Nf6+ Kf7 ( 
38. ... Ke7 39. Bc5+ ) 39. Ne4 {Pesec d rozhodne partii} ) 38. Bc5+ Kf7 
39. d6 Nb6 40. Bxb6 {Po partii Andersso ukazal nasledujici variantu: } ( 
40. Nh6+ Kg7 41. Be3! {a potom   42. Ke6  s vyhranou pozici }) 40. ... 
Bxb6 41. Kd5 Bd8 42. Ne5+ ( 42. Ne5+ Kg7 ( 42. ... Kf6 43. Nd7+ Kf7 44. 
Nc5 b6 45. Nb7 Bf6 46. d7 +- ) ( 42. ... Ke8 43. Ke6 Bh4 44. Nf7 +- ) 43. 
Ke6 b5 44. Nc6 Bb6 45. b4! D Bxf2 46. d7 Bb6 47. d8=Q Bxd8 48. Nxd8 a5 49.
 bxa5 b4 50. a6 b3 51. a7 b2 52. a8=Q b1=Q 53. Qa7+ Kh6 54. Nf7+ Kh5 55. 
Qc5+ +- ) 1-0

[Event "Hoogovens"]
[Site "Wijk aan Zee NED"]
[Date "1983.01.??"]
[Round "2"]
[White "Andersson, Ulf"]
[Black "Browne, Walter S"]
[Result "1-0"]
[WhiteElo "2635"]
[BlackElo "2540"]
[EventDate "1983.01.??"]

{str 206} 
1. Nf3 c5 2. c4 Nf6 3. Nc3 e6 4. g3 b6 5. Bg2 Bb7 6. O-O Be7 7. b3 O-O 8. 
Bb2 a6 9. e3 d6 10. d4 Nbd7 11. d5 exd5 12. Nh4 g6 13. Nxd5 Nxd5 14. Bxd5 
Bxd5 15. Qxd5 b5 16. Ng2 Nb6 17. Qd3 bxc4 18. bxc4 Rb8 19. Rab1 Qd7 20. e4
f5 21. Ne3 fxe4 22. Qxe4 Rbe8 23. Qd3 Rf3 24. Bc3 Bd8 25. Ba5 Qc6 26. Bxb6
Bxb6 27. Rfd1 Bc7 28. Rb3 Ba5 29. Qc2 Bd8 30. Nd5 Rff8 31. Qb2 Qa4 32. Rc1
Re6 33. Rb8 Qe8 34. Kf1 Qf7 35. Rb7 Bf6 36. Rxf7 Bxb2 37. Rxf8+ Kxf8 38. 
Re1 Rxe1+ 39. Kxe1 D {Andersso mohl zachovat ze stredni hry kontrolu pole 
d5 a nyni ma jasnou vyhodu v koncovce. Bily ma pesce navic, jelikoz muze 
vytvorit volneho pesce a kral kridle zatimco  pesec d6 je trvale 
blokovany. Jezdec muze manevrovat  podle libosti, zatimco strelec musi 
jednoduse branit. } 39. ... Kf7 40. Ke2 Bd4 ( 40. ... Ke6 41. f4! +/- ( 
41. Nc7+ Kd7 42. Nxa6 Kc6 -/+ ) ) 41. f4 h5 42. Kf3 Ke6 43. h3 Bb2 44. Ke4
{S centralizaci krale, bily docilil optimalni usporadani a vytvori nyni 
volneho pesce a f5 a to odvrati krale od duleziteho centralniho pole d5.} 
44. ... Bc1 45. g4 hxg4 46. hxg4 Bb2 47. a4 Ba1 D {Najdete nejpresnejsi a 
nejkratsi cestu k vyhre. } 48. Nb6! ( 48. f5+ {take vede k vyhre, ackoli 
jsou tady nejake prekazky k prekonani: } 48. ... gxf5+ 49. gxf5+ Kd7 50. 
f6 Ke6 51. Nc7+ Kxf6 52. Kd5 Ke7 53. Kc6! ( 53. Nxa6 Kd7 ) 53. ... a5 54. 
Nd5+ Ke6 55. Kb5 Bf6 56. Kxa5 Bd8+ 57. Kb5 Kd7 58. a5 Kc8 59. a6 Kb8 60. 
Ne3 Ka7 61. Nf5 Bc7 62. Ne7 Kb8 63. Kc6 +- D ) 48. ... Bb2 49. f5+ gxf5+ 
50. gxf5+ {dulezite pole d5 je vole a bileho cesta a damske kridlo byla 
otevrena. } 50. ... Kf6 51. Nc8 d5+ ( 51. ... Be5 52. Kd5 +- ) 52. Kxd5 
Kxf5 53. Nd6+ Kf6 54. Ne4+ Ke7 55. Nxc5 a5 56. Kc6 Bc3 57. Nb7 1-0

[Event "Tilburg"]
[Site "Tilburg NED"]
[Date "1994.??.??"]
[Round "1"]
[White "Andersson, Ulf"]
[Black "Lanka, Zigurds"]
[Result "1-0"]
[WhiteElo "2620"]
[BlackElo "2540"]
[EventDate "1994.09.??"]
[Annotator "Dautov"]

1. d4 Nf6 2. Nf3 g6 3. c4 Bg7 4. g3 O-O 5. Bg2 d6 6. O-O Nc6 7. Nc3 a6 8. 
d5 Na5 9. b3 c5 10. dxc6 bxc6 ( 10. ... Ne4?! 11. c7! Qxc7 12. Nd5 Qd8 13.
 Be3 Nc3 14. Nxc3 Bxc3 15. Rc1 += ) ( 10. ... Nxc6 11. Bb2 Qa5 = ) 11. Bb2
( 11. Bd2!? Rb8 12. Qc1 {/\c5} ) 11. ... Rb8 12. Qd2 Bd7 N ( 12. ... Bg4 
13. h3 Bxf3 14. Bxf3 Nd7 15. Bg2 Ne5 16. Rab1 f5 17. Na4 +/- {
Kavalek-Calvo/Lanzarote/1973} ) ( 12. ... Be6 13. Nd4 Bd7 14. Rab1 Qc7 15.
 e4 Nb7 = {Khasin-Byvshev/URS-ch/1956} ) 13. Rac1 Ne8? ( 13. ... c5 {>=} 
14. Nd5!? Ne4 ( 14. ... Nxd5 15. Bxg7 Kxg7 16. cxd5 += ) 15. Qc2 Bxb2 16. 
Qxb2 Nc6 = ) 14. c5! d5 ( 14. ... dxc5? 15. Na4 Bxb2 16. Nxb2 Nd6 17. Ne5 
+/- ) ( 14. ... Nb7 15. cxd6 exd6 16. Rfd1 +/- ) 15. Na4 Nb7 ( 15. ... f6 
16. Nb6 Nb7 17. Nd4 e6 ( 17. ... e5? 18. Nxd7 Qxd7 19. Nxc6 +- ) ( 17. ...
 Nxc5? 18. Nxd7 Nxd7 19. Nxc6 +- ) 18. e4 +/- ) 16. e4! Bxb2 ( 16. ... 
dxe4 17. Ne5 +/- ) 17. Qxb2 dxe4 ( 17. ... e6 18. exd5 exd5 19. Nb6 +/- ) 
18. Ne5 Nf6 19. Rfd1 Qc7 20. Bxe4 Rfd8 21. Bf3 Be8 22. Qe2 a5 23. Nc4 +/- 
Rxd1+ 24. Rxd1 Rd8 25. Rxd8 Qxd8 26. a3 Nd5 ( 26. ... Kf8 27. Qe3 +/- ) 
27. Qd2 Qc7 28. Qd4 e6 29. Ne5! {><f6} 29. ... h5 ( 29. ... f6? 30. Ng4 +-
) 30. b4 axb4 31. axb4 Qd8 32. Nb6 Kh7 33. Nxd5 exd5 34. Be2 Qf6 ( 34. ...
 f6!? 35. Nf3 Qe7 36. Bd3 Kg7 +/- ) 35. Nf3 Kg7 36. Ba6! Nd8 37. Bc8 Qxd4 
38. Nxd4 Kf6 39. f4 Ke7 ( 39. ... Ne6!? 40. Bxe6?! ( 40. Nf3! ) 40. ... 
fxe6 41. Nf3 ( 41. Kf2 e5 42. fxe5+ Kxe5 43. Ke3 g5 += ) 41. ... Kf5 42. 
Kf2 Ke4 43. Ng5+ Kd4 44. Nxe6+ Kc4 45. Ke3 Bd7 = ) 40. Kf2 Bd7 41. Ba6 Kf6
42. Ke3 Ke7 43. Bd3 Be8 44. Kd2 Bd7 45. Kc3 Be8 46. Be2 ( 46. b5 cxb5 47. 
Bxb5 Ne6 ( 47. ... Bxb5 48. Nxb5 Nc6 49. Nc7 d4+ 50. Kc4 +/- ) 48. Nxe6 
fxe6 49. Bd3 Kf6 50. Kd4 Bc6 += ) 46. ... Bd7 47. Bf3 Ne6 ( 47. ... Be8 
48. b5 cxb5 49. Bxd5 +- {/\Kb4} ) 48. Bg2 ( 48. Nxe6!? fxe6 ( 48. ... Bxe6
49. Kd4 f6 50. Be2 +/- {/\b5} ) 49. Kd4 Kf6 50. Be2 Kf5 51. Bd3+ Kf6 52. 
Ba6 Kf5 53. Bb7 h4 54. b5 cxb5 55. c6 Bxc6 56. Bxc6 hxg3 57. hxg3 Kg4 58. 
Bxb5 Kxg3 59. Ke5 +- ) 48. ... Nc7 49. Bf1 Kf6 50. Bd3 g5? ( 50. ... Ne6 
51. Ba6 Nd8 +/- ) ( 50. ... Ke7 +/- ) 51. fxg5+ Kxg5 52. Kd2 Ne6 53. Nf3+ 
Kf6 54. Ke3 Ng7 55. Nd4 Ne6 56. Be2 Ng7 57. Bd1 Ke5 58. h4 D {Podle 
Capablancy, v situaci se strelci stejne barvy pesci by se meli umisti na 
polich opacne barvy vlastniho strelce. Videno z tohoto hlediska, cerni 
pesci nemohli by byt hure polozeni. } 58. ... f6 59. Bc2 Be8 60. Bd3 Bd7 
61. Nf3+ Ke6 62. Kf4 +/- {Nyni ma bily take jasnou vyhodu v prostoru. } 
62. ... Ke7 63. Nd4 Kf7 64. Ba6 Ne6+ 65. Nxe6 Kxe6 {Bily dosahl idealni 
strelcove koncovky. Nejen jsou tri cerni pesci fixovani na polich steje 
barvy jako ma bily strelec, ale muze take ziskat vzdaleneho volneho pesce 
na sloupci h. Na zmirneni vsak musi byt receno ze pole promeny je spatne 
barvy. Tak bily musi dat pozor aby mu nezustal spatny strelec. } 66. Be2 
Be8 67. g4 +- hxg4 68. Bxg4+ Ke7 {Bily dosahl strategicky vyhrane pozice. 
Nyni je vynucene pokracovani po kterem cerny nemuze branit. Jak pokracoval
Andersson? } 69. h5 Kf7 70. h6 Kg8 ( 70. ... Kg6? 71. Bh5+ +- ) 71. Bf5 {
Absolutne nutne, protoze  jinak by zahral ... Kh7. Cerny kral je vazan k 
pesci h6.} 71. ... Kh8 72. Ke3 Kg8 73. Kd4 Kh8 74. Kc3 {Bily jesta musi 
vyvinout mimoradnou opatrnost. Jestli po prulomu b4-b5 cerny by mohl 
obetovat strelce za pesce c, pozice by byla pouze remiza. } 74. ... Kg8 
75. Kb3 {Bily manevruje kralem ale je jasne ze nebude moci vyhrat bez 
postupu b4-b5.} 75. ... Kh8 76. Kc3 Kg8 77. Kd4 Kh8 78. b5! {Bily si vzal 
cas s postupem:  pocital nasledujici varianty velmi presne. Cerny je 
ztracen. } 78. ... cxb5 79. Kxd5 Bf7+ ( 79. ... b4 80. Kc4 +- {
/\Kb4,Kc4-d5-d6,Bd7} 80. ... Ba4 81. Kxb4 Be8 82. Kc4 Ba4 ( 82. ... Bh5 
83. c6 Bf3 84. c7 Bb7 85. Kb5 +- ) 83. Kd5 Be8 84. Kd6 Ba4 85. Bd7 +- ) ( 
79. ... Kg8 80. Kd6 b4 81. Ke7 Ba4 82. Kxf6 b3 83. Ke5 b2 84. Kd4 +- ) 80.
 Kd6 Bh5 81. c6 Bf3 82. c7 Bb7 83. Kc5 {V teto koncovce pesec c je velmi 
efektivni volny pesec, jelikoz diagonala a6-c8 je prilis kratka kdykoli 
bily kral napada strelce. } 1-0